| 000 | 00749nam0a22002411 4500 | ||
|---|---|---|---|
| 001 | rc\4033596 | ||
| 005 | 20260406073016.0 | ||
| 021 |
_aRU _b[52-39915] |
||
| 035 | _a(NLR Aleph) 007954305 | ||
| 090 |
_a8359054 _c8359054 |
||
| 100 | _a20130415d1952 |||y0rusy50 ca | ||
| 101 | 0 | _arus | |
| 102 | _aRU | ||
| 105 | _ay z |||a| | ||
| 200 | 1 |
_aПеснь о черноморцах _eГероич. драма в 3 д., 9 карт |
|
| 210 |
_aМосква _cИскусство _d1952 |
||
| 215 |
_a108 с. _d16 |
||
| 700 | 1 |
_8rus _7ca _aЛавренев _bБ. А. _gБорис Андреевич _f1891-1959 _3RU\NLR\AUTH\7731140 _914151 |
|
| 801 | 0 |
_aRU _bNLR _gpsbo |
|
| 801 | 1 |
_aRU _bELAR _2rusmarc |
|
| 852 |
_aNLR _jЛ30 Г-1/1649 |
||
| 942 | _cBOOK | ||
| 980 | _aNB | ||